Cómo aprender mejor: estrategias de aprendizaje
সংরক্ষণ করুন:
| প্রধান লেখক: | |
|---|---|
| বিন্যাস: | গ্রন্থ |
| ভাষা: | স্প্যানিশ |
| প্রকাশিত: |
Madrid
Rialp
1995
|
| সংস্করন: | 1a. ed |
| বিষয়গুলি: | |
| ট্যাগগুলো: |
ট্যাগ যুক্ত করুন
কোনো ট্যাগ নেই, প্রথমজন হিসাবে ট্যাগ করুন!
|
MARC
| LEADER | 00000nam a2200000 a 4500 | ||
|---|---|---|---|
| 001 | UCH6531 | ||
| 003 | CL-VaPUC | ||
| 008 | 091109e19950000SP |||||||||||||||||spa|d | ||
| 020 | |a 8432130923 | ||
| 082 | 0 | 4 | |a 370.152 |b BER |2 21 |
| 100 | 0 | |a Bernardo Carrasco, José |e author |9 543084 | |
| 245 | 1 | 0 | |a Cómo aprender mejor: estrategias de aprendizaje |
| 250 | |a 1a. ed | ||
| 300 | |a 152 p | ||
| 942 | |c BK | ||
| 945 | |d 20091109 00:00:00 |a ccalabra | ||
| 260 | |a Madrid |b Rialp |c 1995 | ||
| 650 | 0 | |a Educación |9 258661 | |
| 650 | 0 | |a Psicología cognitiva |9 306250 | |
| 650 | 0 | |a Métodos de aprendizaje |9 334464 | |
| 650 | 0 | |a Psicología educacional |9 307830 | |
| 650 | 0 | |a Métodos de estudio |9 260518 | |
| 583 | |a last modification |c 20091109 00:00:00 |k Rodrigo Vera | ||
| 999 | |c 337405 |d 337403 | ||